000 00391 a2200169 4500
001 157263
020 _a8508011466
040 _cEscola São Tomás de Aquino
100 _aDUPRÉ, Maria José
240 1 0 _aO cachorrinho Samba
_lpor
245 1 0 _aO cachorrinho Samba
300 _a112 p.
362 0 _a1998
440 1 _aÁtica
697 _a*LITERATURA INFANTO JUVENIL
942 _cBK
999 _c157263
_d157263